[Event "September Lviv Tradition 2016 (IM-group)"]
[Site "Lviv"]
[Date "2016.09.26"]
[Round "1.1"]
[White "Grekh, Andrey"]
[Black "Shkuran, Danylo"]
[Result "1/2-1/2"]
[WhiteElo "2368"]
[BlackElo "2449"]
[PlyCount "59"]
[EventDate "2016.09.26"]

1. e4 c5 2. Nf3 e6 3. d4 cxd4 4. Nxd4 a6 5. Bd3 Nf6 6. O-O Qc7 7. Qe2 d6 8. c4
g6 9. Nc3 Bg7 10. Nf3 Nc6 11. Bf4 e5 12. Bg5 Bg4 13. Qe3 h6 14. Bxf6 Bxf6 15.
Nd5 Qd8 16. Be2 Bg7 17. a4 Rb8 18. b4 Be6 19. a5 Bxd5 20. cxd5 Nd4 21. Bd3 O-O
22. Nxd4 exd4 23. Qd2 Qe7 24. Rfb1 Rfc8 25. b5 axb5 26. Rxb5 Ra8 27. Qb4 Ra7
28. g3 Rc3 29. Rd1 Qd7 30. Kg2 $11 1/2-1/2

[Event "September Lviv Tradition 2016 (IM-group)"]
[Site "Lviv"]
[Date "2016.09.26"]
[Round "1.2"]
[White "Bykovskiy, Oleg"]
[Black "Bondarets, Vadim"]
[Result "1-0"]
[WhiteElo "2312"]
[BlackElo "2279"]
[PlyCount "61"]
[EventDate "2016.09.26"]

1. Nc3 e5 2. e4 Nf6 3. Nf3 Nc6 4. Bb5 d6 5. d4 exd4 6. Nxd4 Bd7 7. Bxc6 bxc6 8.
O-O Be7 9. b3 O-O 10. Bb2 Re8 11. h3 Bf8 12. Qf3 Re5 13. Nf5 Bxf5 14. exf5 Qd7
15. g4 Rae8 16. Rad1 d5 17. Na4 R5e7 18. Bd4 a5 19. Bxf6 gxf6 20. Qc3 Re2 21.
Qxf6 Rxc2 22. Rc1 Ree2 23. Qg5+ Kh8 24. f6 h6 25. Rxc2 hxg5 26. Rxe2 Qd6 27. f4
gxf4 28. g5 d4 29. Nb2 d3 30. Ref2 Qd5 31. Rf3 {Black Time Zero} 1-0

[Event "September Lviv Tradition 2016 (IM-group"]
[Site "?"]
[Date "2016.09.26"]
[Round "1.2"]
[White "Shpanko, Nadiia"]
[Black "Soroka, Danylo"]
[Result "0-1"]
[WhiteElo "2004"]
[BlackElo "2235"]
[PlyCount "70"]
[EventDate "2016.??.??"]

1. e4 c5 2. Nf3 Nc6 3. d4 cxd4 4. Nxd4 Nf6 5. Nc3 d6 6. Bg5 Bd7 7. Qd2 Rc8 8.
O-O-O Nxd4 9. Qxd4 Qa5 10. f4 Rxc3 11. Bxf6 Rc7 12. Bxe7 Kxe7 13. Qxd6+ Kd8 14.
Qd4 Qc5 15. Qd2 g5 16. c3 Bg7 17. Be2 Kc8 18. fxg5 h6 19. h4 Be6 20. Kb1 Qa5
21. a3 Qa4 22. gxh6 Bxh6 23. Qd4 Qxd4 24. cxd4 Bb3 25. Bg4+ Kb8 26. Rde1 Rc2
27. Re2 Rhc8 28. Rxc2 Rxc2 29. Bf3 Be3 30. Re1 Bxd4 31. Re2 Rxe2 32. Bxe2 Bf2
33. h5 Be3 34. g3 Kc7 35. e5 b6 0-1

[Event "September Lviv Tradition 2016 (IM-group"]
[Site "?"]
[Date "2016.09.26"]
[Round "1.3"]
[White "Anwesh, Upadhyaya"]
[Black "Goluch, Piotr"]
[Result "1-0"]
[WhiteElo "2387"]
[BlackElo "2330"]
[PlyCount "73"]
[EventDate "2016.??.??"]

1. c4 Nf6 2. g3 c5 3. Bg2 g6 4. Nc3 Bg7 5. Nf3 O-O 6. d4 cxd4 7. Nxd4 Nc6 8.
O-O Nxd4 9. Qxd4 d6 10. Qd3 Bf5 11. e4 Be6 12. b3 Qa5 13. Bb2 Nd7 14. f4 Nc5
15. Qc2 f5 16. Nd5 Bxd5 17. exd5 Rac8 18. Bxg7 Kxg7 19. Rfe1 Rf7 20. Re3 Qd8
21. Rae1 Rc7 22. Qb2+ Kg8 23. b4 Nd7 24. c5 Nf6 25. Qd4 a6 26. c6 b5 27. Qb6
Qc8 28. Ra3 e5 29. fxe5 Rfe7 30. Qxa6 Qxa6 31. Rxa6 Ne8 32. a4 dxe5 33. axb5
Nd6 34. b6 Rc8 35. b7 Rb8 36. Ra8 Ree8 37. Rea1 1-0

[Event "September Lviv Tradition 2016 (IM-group"]
[Site "?"]
[Date "2016.09.26"]
[Round "1.4"]
[White "Tokranovs, Dmitrijs"]
[Black "Rydstrom, Tom"]
[Result "1/2-1/2"]
[WhiteElo "2265"]
[BlackElo "2307"]
[PlyCount "100"]
[EventDate "2016.??.??"]

1. c4 e5 2. g3 Nf6 3. Bg2 c6 4. d4 e4 5. Nc3 d5 6. f3 exf3 7. Nxf3 h6 8. O-O
Bb4 9. cxd5 cxd5 10. Qa4+ Nc6 11. Ne5 Bxc3 12. Nxc6 Qd7 13. bxc3 Qxc6 14. Qa3
Ne4 15. Rf3 Be6 16. Rb1 Rc8 17. Rb3 a6 18. Qb4 b5 19. Ba3 Qd7 20. Rd3 Rc6 21.
Qa5 f5 22. Rd1 Kf7 23. Bb4 Rhc8 24. Ra1 Nd2 25. Qa3 Kg8 26. Qc1 Nxb3 27. axb3
Bf7 28. Qf4 Re8 29. Ra2 Rf6 30. h4 Qe6 31. Bf3 Qe3+ 32. Qxe3 Rxe3 33. Kf2 Re8
34. h5 g6 35. hxg6 Rxg6 36. Ra1 Kh7 37. Bh5 Rf6 38. Bf3 f4 39. gxf4 Rxf4 40.
Rxa6 Rf5 41. Ra7 Kg8 42. Kg3 Re6 43. Kg4 Rg5+ 44. Kf4 Bh5 45. Be7 Bxf3 46. Bxg5
Bxe2 47. Kf5 Rc6 48. Ra8+ Kf7 49. Ra7+ Kg8 50. Ra8+ Kf7 1/2-1/2

[Event "September Lviv Tradition 2016 (IM-group"]
[Site "?"]
[Date "2016.09.26"]
[Round "1.5"]
[White "Bogdanov, Egor"]
[Black "Rozycki, Bartlomiej"]
[Result "1-0"]
[WhiteElo "2411"]
[BlackElo "2140"]
[PlyCount "67"]
[EventDate "2016.??.??"]

1. e4 e6 2. d4 d5 3. Nc3 Bb4 4. e5 Ne7 5. a3 Bxc3+ 6. bxc3 c5 7. h4 Qc7 8. h5
h6 9. Rh3 Bd7 10. Qg4 Kf8 11. Bd2 Ba4 12. Bd3 Nd7 13. Rg3 Rg8 14. Bh7 cxd4 15.
Bxg8 Nf5 16. Bh7 Qxe5+ 17. Ne2 Nxg3 18. Qxg3 Qxh5 19. Qd6+ Ke8 20. Ng3 Qh4 21.
Qb4 Bc6 22. Bd3 Qh2 23. Qxd4 Kf8 24. O-O-O Qxg2 25. Bxh6 gxh6 26. Qh8+ Ke7 27.
Qxa8 Qxf2 28. Qg8 Ne5 29. Qg7 Qe3+ 30. Kb2 Ba4 31. Nf1 Nxd3+ 32. Rxd3 Qe2 33.
Nd2 Bb5 34. Rd4 1-0

[Event "September Lviv Tradition 2016 (IM-group)"]
[Site "Lviv"]
[Date "2016.09.27"]
[Round "2.1"]
[White "Shkuran, Danylo"]
[Black "Rozycki, Bartlomiej"]
[Result "1-0"]
[WhiteElo "2449"]
[BlackElo "2140"]
[PlyCount "113"]
[EventDate "2016.09.26"]

1. Nf3 d5 2. g3 c6 3. Bg2 Bg4 4. d3 Nd7 5. O-O e6 6. Nbd2 Bd6 7. e4 Ne7 8. h3
Bh5 9. d4 O-O 10. Re1 c5 11. exd5 exd5 12. dxc5 Nxc5 13. Nb3 Ne4 14. Nbd4 Qb6
15. c3 Rfe8 16. Qb3 Bc5 17. Qxb6 Bxb6 18. Be3 Rad8 19. Rad1 Bxd4 20. Bxd4 Nc6
21. g4 Bg6 22. Nh4 f6 23. Be3 Bf7 24. Nf5 b6 25. Bf4 Ne5 26. Bxe5 fxe5 27. Bxe4
dxe4 28. Nd6 Rf8 29. Rxe4 Bxa2 30. Rxe5 Rd7 31. Rd4 Rfd8 32. Nf5 g6 33. Rxd7
Rxd7 34. Nd4 Kf7 35. f4 a6 36. Kf2 b5 37. Ke3 Bb1 38. b3 Re7 39. Rxe7+ Kxe7 40.
f5 gxf5 41. Nxf5+ Kf6 42. Nd4 Ke5 43. b4 Kd5 44. Kd2 Ke4 45. Nb3 Kf3 46. Nc5
Kg3 47. Ke3 Kxh3 48. Kf4 h6 49. Nxa6 Bd3 50. Nc5 Be2 51. Ne4 Kg2 52. Nd6 Kf2
53. Nf5 Ke1 54. Nd4 Bc4 55. Ke3 Kd1 56. Nf5 Kc2 57. Kd4 1-0

[Event "September Lviv Tradition 2016 (IM-group"]
[Site "?"]
[Date "2016.09.27"]
[Round "2.1"]
[White "Rydstrom, Tom"]
[Black "Bogdanov, Egor"]
[Result "0-1"]
[WhiteElo "2307"]
[BlackElo "2411"]
[PlyCount "74"]
[EventDate "2016.??.??"]

1. e4 c5 2. Nf3 d6 3. d4 cxd4 4. Nxd4 Nf6 5. Nc3 g6 6. Be3 Bg7 7. f3 O-O 8. Bc4
Nc6 9. Qd2 Bd7 10. Bb3 Qa5 11. O-O-O Rfc8 12. Kb1 Ne5 13. g4 b5 14. h4 Nc4 15.
Bxc4 bxc4 16. h5 Rab8 17. Ka1 Qb4 18. Rb1 Rb6 19. hxg6 fxg6 20. Bh6 Bh8 21. Bg5
Ra6 22. Qh2 Rc5 23. Bxf6 Bxf6 24. Qxh7+ Kf8 25. Qh6+ Bg7 26. Qf4+ Ke8 27. Rh7
Rca5 28. Rbh1 Kd8 29. Kb1 Rb6 30. Nd1 Bxd4 31. Qf8+ Kc7 32. Rxe7 Rb8 33. Qf7
Qa4 34. Rh7 Rxb2+ 35. Nxb2 Qxa2+ 36. Kc1 Qxb2+ 37. Kd2 Qc3+ 0-1

[Event "September Lviv Tradition 2016 (IM-group"]
[Site "?"]
[Date "2016.09.27"]
[Round "2.2"]
[White "Goluch, Piotr"]
[Black "Tokranovs, Dmitrijs"]
[Result "1-0"]
[WhiteElo "2330"]
[BlackElo "2265"]
[PlyCount "67"]
[EventDate "2016.??.??"]

1. d4 g6 2. e4 Bg7 3. f4 a6 4. Nf3 d6 5. Nc3 Nd7 6. e5 b5 7. a4 b4 8. Ne4 Bb7
9. Bd3 c5 10. e6 fxe6 11. Neg5 Nf8 12. dxc5 dxc5 13. Qe2 Qd6 14. Ne5 Nh6 15.
O-O Bd5 16. Ne4 Qc7 17. Be3 c4 18. Nxc4 Nd7 19. c3 bxc3 20. Nxc3 Nf5 21. Nxd5
exd5 22. Bxf5 Qxc4 23. Bd3 Qc6 24. Rac1 Qxa4 25. Rc7 Rb8 26. b3 Qa5 27. Rfc1
Rxb3 28. Bc5 Bf6 29. Rc8+ Kf7 30. Rxh8 Nxc5 31. Rxh7+ Bg7 32. Bxg6+ Kxg6 33.
Qh5+ Kf6 34. Qe5+ 1-0

[Event "September Lviv Tradition 2016 (IM-group"]
[Site "?"]
[Date "2016.09.27"]
[Round "2.3"]
[White "Soroka, Danylo"]
[Black "Anwesh, Upadhyaya"]
[Result "1/2-1/2"]
[WhiteElo "2235"]
[BlackElo "2387"]
[PlyCount "42"]
[EventDate "2016.??.??"]

1. d4 d5 2. Bg5 h6 3. Bh4 c6 4. e3 Qb6 5. Qc1 e5 6. Nf3 Nd7 7. Bg3 e4 8. Nfd2
Ne7 9. c4 Nf6 10. Nc3 Bd7 11. h3 Nf5 12. Be5 Bb4 13. a3 Bxc3 14. bxc3 Qd8 15.
Qb2 b6 16. cxd5 cxd5 17. Qb4 Ne7 18. Bxf6 gxf6 19. c4 Bc6 20. Be2 O-O 21. O-O
f5 1/2-1/2

[Event "September Lviv Tradition 2016 (IM-group"]
[Site "?"]
[Date "2016.09.27"]
[Round "2.4"]
[White "Bondarets, Vadim"]
[Black "Shpanko, Nadiia"]
[Result "1-0"]
[WhiteElo "2279"]
[BlackElo "2004"]
[PlyCount "79"]
[EventDate "2016.??.??"]

1. Nf3 Nf6 2. c4 e6 3. b3 d5 4. Bb2 Be7 5. g3 Nbd7 6. Bg2 O-O 7. O-O b6 8. cxd5
exd5 9. Nd4 Bb7 10. Nf5 Re8 11. Nxe7+ Qxe7 12. Nc3 Nc5 13. Ba3 Qe6 14. Nb5 Qd7
15. Nd4 Nce4 16. d3 Nd6 17. e3 c5 18. Ne2 Nb5 19. Bb2 Qd6 20. Rc1 Rad8 21. Qc2
Ba6 22. Rfd1 Qe7 23. d4 Ng4 24. Nf4 cxd4 25. exd4 Bb7 26. a4 g5 27. Nd3 Rc8 28.
Qd2 Nd6 29. Ba3 Rxc1 30. Rxc1 Ne4 31. Bxe7 Nxd2 32. Rc7 Ba6 33. Nb4 Be2 34. h3
Nh6 35. Nxd5 Kg7 36. Nf6 Rb8 37. g4 Bf3 38. Nh5+ Kg6 39. d5 f6 40. Bb4 1-0

[Event "September Lviv Tradition 2016 (IM-group"]
[Site "?"]
[Date "2016.09.27"]
[Round "2.5"]
[White "Grekh, Andrey"]
[Black "Bykovskiy, Oleg"]
[Result "0-1"]
[WhiteElo "2368"]
[BlackElo "2312"]
[PlyCount "118"]
[EventDate "2016.??.??"]

1. e4 e5 2. Nf3 Nf6 3. Nxe5 d6 4. Nf3 Nxe4 5. Nc3 Nxc3 6. dxc3 Be7 7. Bf4 O-O
8. Qd2 Nd7 9. O-O-O Nc5 10. Kb1 Re8 11. Nd4 Ne4 12. Qe3 Bh4 13. Bc4 Nxf2 14.
Qf3 d5 15. g3 Nxd1 16. Rxd1 dxc4 17. Nb5 Bd7 18. Nxc7 Bc6 19. Rxd8 Bxd8 20. Qf2
Bxc7 21. Bxc7 Re7 22. Bf4 Rae8 23. b3 a5 24. Qd4 cxb3 25. axb3 Re2 26. h4 Be4
27. Bd2 h5 28. c4 Rg2 29. Kb2 Bc6 30. Bxa5 Rxg3 31. Qc5 Rg2 32. Qxh5 Ree2 33.
Ka3 Rxc2 34. Qf5 Rcf2 35. Qc8+ Kh7 36. Bc7 Rf3 37. h5 Rg5 38. h6 Kxh6 39. Qh8+
Kg6 40. Qh4 Rh5 41. Qg4+ Kh6 42. Bf4+ g5 43. Bc1 f6 44. Kb4 Rhh3 45. Kc5 Rxb3
46. Bb2 Rhf3 47. Bd4 Kg6 48. Qc8 Rf5+ 49. Kd6 Rd3 50. Qg8+ Kh5 51. Ke6 Bd7+ 52.
Kxd7 Rxd4+ 53. Ke6 Kg4 54. Qc8 b6 55. Qc6 Rff4 56. Qxb6 Rxc4 57. Qg1+ Kh5 58.
Qd1+ Kg6 59. Qd3+ Rfe4+ 0-1

[Event "September Lviv Tradition 2016 (IM-group)"]
[Site "Lviv"]
[Date "2016.09.27"]
[Round "3.1"]
[White "Bykovskiy, Oleg"]
[Black "Shkuran, Danylo"]
[Result "1/2-1/2"]
[WhiteElo "2312"]
[BlackElo "2449"]
[PlyCount "59"]
[EventDate "2016.09.26"]

1. e4 c6 2. d4 d5 3. Nc3 dxe4 4. Nxe4 Bf5 5. Ng3 Bg6 6. Nf3 Nd7 7. h4 h6 8. h5
Bh7 9. Bd3 Bxd3 10. Qxd3 Ngf6 11. Be3 Qc7 12. O-O-O e6 13. Nd2 O-O-O 14. Nde4
Be7 15. Nxf6 Nxf6 16. Ne4 Nxe4 17. Qxe4 Qa5 18. Kb1 Qd5 19. Qxd5 exd5 20. Bd2
Bf6 21. c3 Rhe8 22. Rde1 Kd7 23. Kc2 Rxe1 24. Rxe1 Re8 25. Rxe8 Kxe8 26. Kd3
Kd7 27. g4 Be7 28. Bf4 Bd6 29. Bxd6 Kxd6 30. f4 $11 1/2-1/2

[Event "September Lviv Tradition 2016 (IM-group"]
[Site "?"]
[Date "2016.09.27"]
[Round "3.2"]
[White "Shpanko, Nadiia"]
[Black "Grekh, Andrey"]
[Result "0-1"]
[WhiteElo "2004"]
[BlackElo "2368"]
[PlyCount "88"]
[EventDate "2016.??.??"]

1. e4 c5 2. Nf3 Nc6 3. d4 cxd4 4. Nxd4 e5 5. Nb5 a6 6. Nd6+ Bxd6 7. Qxd6 Qf6 8.
Qd1 Qg6 9. Nc3 d5 10. Nxd5 Qxe4+ 11. Be3 Nd4 12. Nc7+ Ke7 13. Nxa8 Nxc2+ 14.
Kd2 Nxe3 15. fxe3 Bf5 16. Qb3 Nh6 17. Nb6 Rd8+ 18. Ke1 Ng4 19. Nc4 Be6 20. Qa3+
Kf6 21. h3 Nh6 22. Nd2 Qh4+ 23. g3 Qxg3+ 24. Ke2 Qh4 25. Bg2 Rxd2+ 26. Kxd2
Qf2+ 27. Kd3 Qxg2 28. Qd6 g6 29. b3 Nf5 30. Qc5 Ng3 31. Rhe1 Ne4 32. Qc2 Nf2+
33. Kc3 Bf5 34. e4 Nxe4+ 35. Rxe4 Qxc2+ 36. Kxc2 Bxe4+ 37. Kd2 Ke6 38. Ke3 f5
39. h4 Bc6 40. Rg1 f4+ 41. Kd3 Kf6 42. Kc4 h6 43. Rd1 e4 44. Rd6+ Kf5 0-1

[Event "September Lviv Tradition 2016 (IM-group"]
[Site "?"]
[Date "2016.09.27"]
[Round "3.1"]
[White "Anwesh, Upadhyaya"]
[Black "Bondarets, Vadim"]
[Result "1-0"]
[WhiteElo "2387"]
[BlackElo "2279"]
[PlyCount "59"]
[EventDate "2016.??.??"]

1. Nf3 d5 2. d4 Nf6 3. c4 c6 4. e3 Bf5 5. Nc3 e6 6. Nh4 Bg4 7. Qb3 Qc7 8. h3
Bh5 9. g4 Bg6 10. Nxg6 hxg6 11. Bg2 Nbd7 12. g5 Ng8 13. e4 dxe4 14. Nxe4 Ne7
15. Qxb7 Qxb7 16. Nd6+ Kd8 17. Nxb7+ Kc7 18. Na5 Rh4 19. Be3 Kb6 20. b4 Rc8 21.
Ke2 Nf5 22. c5+ Kc7 23. Nxc6 Nb8 24. Nxa7 Rd8 25. Rhd1 Be7 26. b5 Nxd4+ 27.
Rxd4 Rdxd4 28. b6+ Kd8 29. Bxd4 Rxd4 30. c6 1-0

[Event "September Lviv Tradition 2016 (IM-group"]
[Site "?"]
[Date "2016.09.27"]
[Round "3.4"]
[White "Tokranovs, Dmitrijs"]
[Black "Soroka, Danylo"]
[Result "1/2-1/2"]
[WhiteElo "2265"]
[BlackElo "2235"]
[PlyCount "62"]
[EventDate "2016.??.??"]

1. e4 Nf6 2. Nc3 e5 3. Nf3 Nc6 4. d4 exd4 5. Nxd4 Bb4 6. Nxc6 bxc6 7. Bd3 d5 8.
e5 Ne4 9. Bxe4 Bxc3+ 10. bxc3 dxe4 11. Qxd8+ Kxd8 12. Bg5+ Kd7 13. O-O-O+ Ke6
14. Bd8 Kxe5 15. Bxc7+ Kf5 16. Rhe1 Re8 17. Rd4 Re7 18. Bg3 g5 19. Re3 Re6 20.
Rd8 Kf6 21. f3 Ke7 22. Rh8 exf3 23. Rxf3 Rf6 24. Rxf6 Kxf6 25. Rxh7 Bf5 26.
Rh6+ Bg6 27. Bf2 a6 28. Bd4+ Ke6 29. h4 gxh4 30. Rxh4 Re8 31. Rf4 Kd5 $11
1/2-1/2

[Event "September Lviv Tradition 2016 (IM-group"]
[Site "?"]
[Date "2016.09.27"]
[Round "3.5"]
[White "Bogdanov, Egor"]
[Black "Goluch, Piotr"]
[Result "1/2-1/2"]
[WhiteElo "2411"]
[BlackElo "2330"]
[PlyCount "92"]
[EventDate "2016.??.??"]

1. e4 c6 2. d4 d5 3. exd5 cxd5 4. c4 Nf6 5. Nc3 Nc6 6. Bg5 Qa5 7. Bd2 Qd8 8.
Nf3 dxc4 9. Bxc4 e6 10. O-O Be7 11. Bg5 O-O 12. Rc1 b6 13. a3 Bb7 14. Qd3 Rc8
15. Ba2 Qd6 16. Rfe1 Rfd8 17. d5 exd5 18. Bb1 g6 19. Nb5 Qd7 20. Nbd4 Nxd4 21.
Qxd4 Rxc1 22. Rxc1 Ne4 23. Ne5 Qe6 24. Bxe7 Qxe7 25. f3 Nf6 26. Nd3 Ba6 27. Nb4
Rc8 28. Rxc8+ Bxc8 29. Kf2 Bb7 30. Ba2 Kf8 31. Nd3 Ba6 32. Ne5 Qd6 33. b4 Qc7
34. Bb3 Qc1 35. Nxg6+ hxg6 36. Qxf6 Qd2+ 37. Kg3 Qe1+ 38. Kf4 Bc4 39. Bxc4 Qd2+
40. Kg3 Qe1+ 41. Kf4 Qc1+ 42. Kg3 Qxc4 43. Qh8+ Ke7 44. Qe5+ Kf8 45. Qh8+ Ke7
46. Qe5+ Kf8 $11 1/2-1/2

[Event "September Lviv Tradition 2016 (IM-group"]
[Site "?"]
[Date "2016.09.27"]
[Round "3.6"]
[White "Rozycki, Bartlomiej"]
[Black "Rydstrom, Tom"]
[Result "1-0"]
[WhiteElo "2140"]
[BlackElo "2307"]
[PlyCount "71"]
[EventDate "2016.??.??"]

1. e4 e5 2. Nf3 Nc6 3. Bc4 Nf6 4. Ng5 d5 5. exd5 Na5 6. Bb5+ c6 7. dxc6 bxc6 8.
Be2 h6 9. Nh3 Bc5 10. Nc3 O-O 11. d3 Rb8 12. O-O Rb4 13. Kh1 Bxh3 14. gxh3 Rh4
15. f4 exf4 16. Bxf4 Rxh3 17. Bg3 Re8 18. Kg2 Qd7 19. Bf3 h5 20. Ne4 Nd5 21.
Nxc5 Rxg3+ 22. hxg3 Ne3+ 23. Kh2 Qd6 24. Qd2 h4 25. Ne4 Rxe4 26. Bxe4 Nac4 27.
Qe2 Ne5 28. Rf4 hxg3+ 29. Kg1 Qh6 30. Qxe3 Qh2+ 31. Kf1 g5 32. Bg2 gxf4 33.
Qxe5 f3 34. Qg5+ Kf8 35. Qc5+ Kg7 36. Bxf3 1-0

[Event "September Lviv Tradition 2016 (IM-group"]
[Site "?"]
[Date "2016.09.28"]
[Round "4.1"]
[White "Shkuran, Danylo"]
[Black "Rydstrom, Tom"]
[Result "1-0"]
[WhiteElo "2449"]
[BlackElo "2307"]
[PlyCount "107"]
[EventDate "2016.??.??"]

1. Nf3 d5 2. g3 c6 3. Bg2 Bg4 4. O-O Nd7 5. d4 Ngf6 6. Nbd2 e6 7. h3 Bh5 8. Re1
Bd6 9. e4 dxe4 10. Nxe4 Nxe4 11. Rxe4 Nf6 12. Re1 O-O 13. Be3 Qc7 14. c4 Rad8
15. Qa4 c5 16. g4 Bg6 17. Rad1 b6 18. Bg5 cxd4 19. Nxd4 Bc5 20. Be3 Be4 21.
Bxe4 Nxe4 22. Qc6 Qxc6 23. Nxc6 Rxd1 24. Rxd1 Bxe3 25. fxe3 h5 26. Rd4 Ng5 27.
Kg2 h4 28. Nxa7 Ra8 29. Rd7 f5 30. gxf5 exf5 31. b4 Re8 32. c5 bxc5 33. b5 Rb8
34. a4 Kf8 35. a5 Ne6 36. a6 c4 37. Kf2 c3 38. Ke2 Ke8 39. Rd6 Nc7 40. Rc6 Kd7
41. Rc5 Kd6 42. Rxf5 Ra8 43. Nc6 Nxb5 44. Nb4 Nc7 45. Rg5 Ra7 46. Kd3 Ne6 47.
Rd5+ Kc7 48. Kxc3 Ra8 49. Rh5 Kb6 50. Rxh4 Re8 51. Re4 Kb5 52. Re5+ Ka4 53. Nc6
Nc7 54. Ra5# 1-0

[Event "September Lviv Tradition 2016 (IM-group"]
[Site "?"]
[Date "2016.09.28"]
[Round "4.2"]
[White "Goluch, Piotr"]
[Black "Rozycki, Bartlomiej"]
[Result "1/2-1/2"]
[WhiteElo "2330"]
[BlackElo "2140"]
[PlyCount "155"]
[EventDate "2016.??.??"]

1. Nf3 d5 2. g3 Nf6 3. Bg2 Bg4 4. h3 Bh5 5. d3 c6 6. Nbd2 Nbd7 7. O-O e6 8. e4
Bd6 9. Re1 dxe4 10. dxe4 e5 11. Nc4 Bc7 12. Nd6+ Bxd6 13. Qxd6 Bxf3 14. Bxf3
Qe7 15. Qxe7+ Kxe7 16. Be3 Rhd8 17. a4 a5 18. c3 Nf8 19. Bd1 Ne6 20. Bc2 g5 21.
f3 h6 22. Kf2 c5 23. Bb3 b6 24. Bc4 Ne8 25. Rh1 Nd6 26. Bd5 Rab8 27. h4 f6 28.
hxg5 hxg5 29. Rh7+ Nf7 30. b4 Rh8 31. Rxh8 Rxh8 32. bxa5 bxa5 33. Rb1 Nd6 34.
Rb6 Rh2+ 35. Ke1 Rh1+ 36. Ke2 Rh2+ 37. Kf1 Rc2 38. Bxe6 Rxc3 39. Rb3 Rxe3 40.
Rxe3 Kxe6 41. g4 c4 42. Ke1 Kd7 43. Kd2 Nc8 44. Re1 Nb6 45. Rb1 Nxa4 46. Rb5
Kd6 47. Rd5+ Kc6 48. Rxa5 Nc5 49. Kc3 Kd6 50. Kxc4 Ne6 51. Ra6+ Ke7 52. Ra7+
Kf8 53. Kd5 Nd4 54. Rb7 Ke8 55. Rb4 Ke7 56. Rxd4 exd4 57. Kxd4 Kd6 58. Kd3 Ke6
59. Ke3 Ke5 60. Ke2 Ke6 61. Kd3 Kd7 62. Kc4 Kc6 63. Kc3 Kc7 64. Kd2 Kd6 65. Ke3
Ke5 66. f4+ gxf4+ 67. Kf3 Kd6 68. Kxf4 Ke6 69. Kf3 Ke5 70. Ke3 Kd6 71. Kd3 Ke5
72. Ke3 Kd6 73. Kf2 Ke5 74. Kf3 Kd6 75. Kf4 Ke6 76. g5 fxg5+ 77. Kxg5 Ke5 78.
Kh6 1/2-1/2

[Event "September Lviv Tradition 2016 (IM-group)"]
[Site "Lviv"]
[Date "2016.09.28"]
[Round "4.3"]
[White "Soroka, Danylo"]
[Black "Bogdanov, Egor"]
[Result "1-0"]
[WhiteElo "2235"]
[BlackElo "2411"]
[PlyCount "77"]
[EventDate "2016.09.26"]

1. d4 Nf6 2. Bg5 Ne4 3. Bf4 c5 4. f3 Qa5+ 5. c3 Nf6 6. Nd2 cxd4 7. Nb3 Qb6 8.
Qxd4 Qxd4 9. cxd4 d5 10. e3 Nc6 11. Ne2 e6 12. Nc3 Bd7 13. Rc1 Be7 14. g4 O-O
15. h4 Ne8 16. Kf2 Rc8 17. Na4 Nb4 18. Rxc8 Bxc8 19. a3 Nc6 20. Bb5 Nd6 21.
Bxc6 bxc6 22. Na5 Bd7 23. Nc5 Be8 24. Bxd6 Bxd6 25. Rc1 h5 26. g5 e5 27. Ncb7
Bb8 28. Nxc6 Bxc6 29. Rxc6 exd4 30. exd4 Bf4 31. Nd6 g6 32. b4 Kg7 33. b5 Bxd6
34. Rxd6 Rc8 35. Rc6 Re8 36. Rc7 Rb8 37. a4 a6 38. bxa6 Rb4 39. a5 1-0

[Event "September Lviv Tradition 2016 (IM-group"]
[Site "?"]
[Date "2016.09.28"]
[Round "4.4"]
[White "Bondarets, Vadim"]
[Black "Tokranovs, Dmitrijs"]
[Result "1-0"]
[WhiteElo "2279"]
[BlackElo "2265"]
[PlyCount "123"]
[EventDate "2016.??.??"]

1. Nf3 g6 2. d4 Bg7 3. e4 d6 4. Nc3 a6 5. Bc4 e6 6. a4 Nd7 7. a5 Ne7 8. Be3 O-O
9. Qd2 Re8 10. Bh6 Bh8 11. Bb3 c5 12. O-O Nc6 13. d5 Nd4 14. Nxd4 cxd4 15. dxe6
fxe6 16. Ne2 Nc5 17. Nxd4 Nxe4 18. Qe3 d5 19. Rfd1 Nd6 20. Bf4 Nf7 21. Bg3 Bd7
22. c3 Rc8 23. Nf3 Bb5 24. Ne5 Nxe5 25. Bxe5 Bxe5 26. Qxe5 Qc7 27. Rxd5 Qxe5
28. Rxe5 Kf7 29. Rd1 Rcd8 30. Ree1 Rxd1 31. Rxd1 Kf6 32. f3 e5 33. Rd6+ Kf5 34.
Bd5 Rb8 35. Kf2 Bc6 36. h4 h5 37. Bf7 Be8 38. Bb3 e4 39. Rd5+ Kf6 40. Rd6+ Kf5
41. fxe4+ Kxe4 42. Bc2+ Ke5 43. Rd3 Rc8 44. Rg3 Kf6 45. Rg5 Rc4 46. g3 Rc7 47.
Ke3 Re7+ 48. Kd2 Rd7+ 49. Kc1 Re7 50. b4 Bf7 51. Kd2 Rd7+ 52. Ke3 Rc7 53. Rc5
Re7+ 54. Kf4 Be8 55. Be4 Rd7 56. Rc8 Bf7 57. Rb8 Rc7 58. Rxb7 Rxc3 59. Rb6+ Kg7
60. Ke5 Rb3 61. Rb7 Re3 62. Kf4 1-0

[Event "September Lviv Tradition 2016 (IM-group"]
[Site "?"]
[Date "2016.09.28"]
[Round "4.5"]
[White "Grekh, Andrey"]
[Black "Anwesh, Upadhyaya"]
[Result "1-0"]
[WhiteElo "2368"]
[BlackElo "2387"]
[PlyCount "53"]
[EventDate "2016.??.??"]

1. e4 e5 2. f4 exf4 3. Nf3 Nf6 4. e5 Nh5 5. Be2 d6 6. exd6 Bxd6 7. O-O O-O 8.
d4 Nf6 9. c4 c5 10. d5 Re8 11. Ne1 g5 12. Nc3 Nbd7 13. h4 h6 14. hxg5 hxg5 15.
g3 Qe7 16. gxf4 Ne4 17. Nxe4 Qxe4 18. Rf2 g4 19. Nc2 Nf6 20. Bd3 Qe7 21. Rg2
Ne4 22. f5 Bxf5 23. Ne3 Bg6 24. Qxg4 Qe5 25. Nf5 Nf6 26. Qh4 Bf8 27. Bf4 1-0

[Event "September Lviv Tradition 2016 (IM-group"]
[Site "?"]
[Date "2016.09.28"]
[Round "4.6"]
[White "Bykovskiy, Oleg"]
[Black "Shpanko, Nadiia"]
[Result "1-0"]
[WhiteElo "2312"]
[BlackElo "2004"]
[PlyCount "111"]
[EventDate "2016.??.??"]

1. d4 Nf6 2. Bg5 d5 3. Nd2 e6 4. Ngf3 Be7 5. Bxf6 Bxf6 6. e3 Nd7 7. c3 e5 8.
dxe5 Nxe5 9. Nxe5 Bxe5 10. Bd3 g6 11. Qa4+ c6 12. h3 Qe7 13. O-O O-O 14. Rae1
f5 15. Kh1 Be6 16. f4 Bf6 17. Nf3 Rfe8 18. Qc2 c5 19. Qf2 Bd7 20. Rg1 Qd6 21.
Rd1 Qe6 22. Rge1 Re7 23. Nd2 b5 24. Nf1 Rae8 25. Be2 Bc6 26. Bf3 a5 27. Kh2 b4
28. Qc2 bxc3 29. bxc3 Kh8 30. Rb1 Rb7 31. c4 Rb4 32. Nd2 Ba4 33. Qc1 dxc4 34.
Qa3 c3 35. Nb3 c2 36. Rbc1 Bxb3 37. axb3 Bc3 38. Re2 Qxb3 39. Qxa5 Rc4 40. Qa6
Qa4 41. Qxa4 Rxa4 42. Rexc2 Bb4 43. Bc6 Raa8 44. Bxa8 Rxa8 45. Kg3 Kg7 46. Kf3
Re8 47. g4 Rd8 48. Ra1 Rd7 49. Rca2 Bc3 50. Ra7 Rf7 51. Rxf7+ Kxf7 52. Ra7+ Kg8
53. Rc7 Bb4 54. gxf5 gxf5 55. e4 fxe4+ 56. Kxe4 1-0

[Event "September Lviv Tradition 2016 (IM-group"]
[Site "?"]
[Date "2016.09.28"]
[Round "5.1"]
[White "Shpanko, Nadiia"]
[Black "Shkuran, Danylo"]
[Result "0-1"]
[WhiteElo "2004"]
[BlackElo "2449"]
[PlyCount "128"]
[EventDate "2016.??.??"]

1. d4 Nf6 2. c4 g6 3. Nc3 Bg7 4. e4 d6 5. Nf3 O-O 6. h3 Nbd7 7. Be3 c6 8. Bd3
e5 9. Qd2 exd4 10. Bxd4 Ne5 11. Nxe5 dxe5 12. Bc5 Re8 13. g4 Be6 14. Be3 Nd7
15. O-O-O Qa5 16. Qc2 a6 17. Qa4 Qc7 18. c5 a5 19. Qc2 b6 20. cxb6 Nxb6 21. Kb1
Reb8 22. Nb5 Qe7 23. Bc5 Bxa2+ 24. Kxa2 Qe6+ 25. Kb1 cxb5 26. Bxb5 Bf8 27. Bxf8
Rxf8 28. Qc6 Qb3 29. Rd3 Qb4 30. Qxb6 Rab8 31. Qd6 Qxb5 32. Qa3 Qc4 33. f3 Rfc8
34. Rhd1 Qc2+ 35. Ka1 Kg7 36. g5 Rb4 37. R3d2 Qc4 38. b3 Qxb3 39. Qxb3 Rxb3 40.
Rd3 Rxd3 41. Rxd3 Rc1+ 42. Kb2 Rh1 43. Rd5 Rh2+ 44. Kc3 Rxh3 45. Rxa5 Rxf3+ 46.
Kd2 h6 47. gxh6+ Kf6 48. Ra6+ Kg5 49. Ra5 f6 50. h7 Rh3 51. Ra7 Kf4 52. Rf7 f5
53. exf5 gxf5 54. Ke2 Kg5 55. Re7 e4 56. Ra7 Kg6 57. Ra6+ Kxh7 58. Rf6 Rf3 59.
Ra6 Kg7 60. Rb6 Rg3 61. Kf2 Rg6 62. Rb7+ Kf6 63. Ke3 Rg3+ 64. Ke2 Ke5 0-1

[Event "September Lviv Tradition 2016 (IM-group"]
[Site "?"]
[Date "2016.09.28"]
[Round "5.2"]
[White "Anwesh, Upadhyaya"]
[Black "Bykovskiy, Oleg"]
[Result "1/2-1/2"]
[WhiteElo "2387"]
[BlackElo "2312"]
[PlyCount "60"]
[EventDate "2016.??.??"]

1. c4 d6 2. d4 e5 3. Nf3 e4 4. Ng5 f5 5. Nc3 Be7 6. Nh3 Nf6 7. d5 Nbd7 8. g3
Ne5 9. b3 O-O 10. Bg2 Nfg4 11. O-O Bf6 12. Qc2 Ng6 13. Bb2 Bd7 14. Rad1 Qe7 15.
Bc1 Rae8 16. Rfe1 Kh8 17. Bb2 Rf7 18. Qc1 Qf8 19. f3 Nh6 20. Ng5 Bxg5 21. Qxg5
e3 22. Nb5 Bxb5 23. Qxh6 Bd7 24. f4 Ne5 25. Qh5 Ng4 26. h3 Nf2 27. Rc1 Rfe7 28.
Bf3 Ne4 29. Kg2 c5 30. Rc2 b5 $11 1/2-1/2